Současné trendy v mezinárodním marketingu (vybrané problémy)
Pôvodné a súčasné chápanie medzinárodného marketingu. Hlavné typy podnikateľských stratégií v medzinárodnom prostredí. Etapy medzinárodného rozvoja firmy. Segmentácia medzinárodných trhov, výber cieľových trhov a positioning. Etapy segmentácie medzinárodných trhov. Segmentačné kritériá na trhu spotr...
Salvato in:
| Autore principale: | |
|---|---|
| Natura: | Capitolo di libro |
| Lingua: | ceco |
| Soggetti: | |
| Tags: |
Nessun Tag, puoi essere il primo ad aggiungerne!!
|
MARC
| LEADER | 00000naa$a2200000$$$4500 | ||
|---|---|---|---|
| 001 | 0035409 | ||
| 005 | 20231114082054.7 | ||
| 041 | 0 | |a cze | |
| 044 | |a CZ | ||
| 245 | 1 | 0 | |a Současné trendy v mezinárodním marketingu |b (vybrané problémy) |c Hana Machková |
| 520 | |a Pôvodné a súčasné chápanie medzinárodného marketingu. Hlavné typy podnikateľských stratégií v medzinárodnom prostredí. Etapy medzinárodného rozvoja firmy. Segmentácia medzinárodných trhov, výber cieľových trhov a positioning. Etapy segmentácie medzinárodných trhov. Segmentačné kritériá na trhu spotrebného tovaru. Medzinárodná značková politika. Strategické rozhodovanie o značkovej politike. Hierarchická štruktúra značiek. Elektronické obchodovanie a elektronické informačné zdroje pre českých vývozcov. | ||
| 610 | 2 | 0 | |a marketing medzinárodný |
| 610 | 2 | 0 | |a prostredie podnikateľské |
| 610 | 2 | 0 | |a segmentácia trhu |
| 610 | 2 | 0 | |a politika sortimentná |
| 610 | 2 | 0 | |a podnikanie medzinárodné |
| 610 | 2 | 0 | |a špecializácia |
| 610 | 2 | 0 | |a kooperácia hospodárska medzinárodná |
| 610 | 2 | 0 | |a stratégia marketingová |
| 610 | 2 | 0 | |a trh medzinárodný |
| 610 | 2 | 0 | |a značky výrobkov |
| 610 | 2 | 0 | |a obchod elektronický |
| 100 | 1 | |a Machková, Hana | |